000 00420nam a22001817a 4500
003 MPLRDC
005 20220104173212.0
008 210129b ||||| |||| 00| 0 eng d
020 _a0-553-13847-2
082 _a411.7 HITT
100 _aRICHAED HITTLEMAN
245 _aYOGA 28 DAY EXERCISE PLAN
_c
250 _a14版
260 _a
_bBANTAM BOOKS
_c1980
300 _b
650 _a
942 _cBK
_o411.7 HITT
999 _c59311
_d59301